FIG Publication No. 50 (Record no. 110806)

MARC details
000 -LEADER
fixed length control field 01074cad a22002175a 4500
001 - CONTROL NUMBER
control field L150246
008 - FIXED-LENGTH DATA ELEMENTS--GENERAL INFORMATION
fixed length control field 100614s2010 xxk f 000 0 eng d
035 ## - SYSTEM CONTROL NUMBER
System control number (Sirsi) u150246
041 0# - LANGUAGE CODE
Language code of text/sound track or separate title eng
110 2# - MAIN ENTRY--CORPORATE NAME
Corporate name or jurisdiction name as entry element Federation International Des Geometres
245 00 - TITLE STATEMENT
Title FIG Publication No. 50
Remainder of title history of surveying
Medium [electronic resource]
260 ## - PUBLICATION, DISTRIBUTION, ETC.
Place of publication, distribution, etc. Copenhagen
Name of publisher, distributor, etc. International Federation of Surveyors
Date of publication, distribution, etc. 2010
505 2# - FORMATTED CONTENTS NOTE
Formatted contents note Foreword -- Preserving Surveyors' Professional Heritage -- The Struve Geodetic Arc -- Other Activities, Publications and Material -- References -- Appendix
520 ## - SUMMARY, ETC.
Summary, etc. Discusses the preservation of surveyors' professional heritage including activities materials and publications. With a list of historical papers presented at FIG congresses and Working Weeks since 1985.
521 ## - TARGET AUDIENCE NOTE
Target audience note Advanced
590 ## - LOCAL NOTE (RLIN)
Local note KA
651 #4 - SUBJECT ADDED ENTRY--GEOGRAPHIC NAME
Geographic name International
690 ## - LOCAL SUBJECT ADDED ENTRY--TOPICAL TERM (OCLC, RLIN)
Topical term or geographic name as entry element ENVIRONMENT AND LAND CONSULTANCY-PLANNING AND DEVELOPMENT
856 40 - ELECTRONIC LOCATION AND ACCESS
Uniform Resource Identifier <a href="https://www.fig.net/pub/figpub/pub50/figpub50.pdf">https://www.fig.net/pub/figpub/pub50/figpub50.pdf</a>
Public note View the conference papers free of charge at www.fig.net
942 ## - ADDED ENTRY ELEMENTS (KOHA)
Suppress in OPAC 0
Holdings
Withdrawn status Lost status Source of classification or shelving scheme Damaged status Not for loan Home library Current library Shelving location Date acquired Total Checkouts Full call number Barcode Date last seen Copy number Price effective from Koha item type
    Dewey Decimal Classification     Virtual Virtual Online 16/06/2010   ONLINE PUBLICATION 150246-2001 06/08/2019 1 06/08/2019 Book